Sediment transport in the Rio Grande, New Mexico /

Bibliographic Details
Main Author: Nordin, Carl F.
Other Authors: Beverage, Joseph P.
Format: Government Document Book
Language:English
Published: Washington : U.S. Govt. Print. Off, 1965.
Series:Sediment transport in alluvial channels.
Geological Survey professional paper ; 462-F.
Subjects:

MARC

Tag First Indicator Second Indicator Subfields
LEADER 00000cam a2200000I 4500
001 in00002783924
005 20151202171837.0
008 780125s1965 dcuab b f000 0 eng d
019 |a 8621265 
035 |a (OCoLC)ocm03580275 
035 |a (OCoLC)3580275  |z (OCoLC)8621265 
040 |a CSU  |c CSU  |d CSU  |d OCL  |d OWU  |d OCLCQ  |d BOS  |d OCLCQ  |d NRU  |d WAU  |d UtOrBLW 
049 |a TXAM 
050 4 |a QE75  |b .P9 no.462-F 
082 0 4 |a 557.3  |b U58p no. 462-F 
086 0 |a I 19.16:462-F 
100 1 |a Nordin, Carl F. 
245 1 0 |a Sediment transport in the Rio Grande, New Mexico /  |c by Carl F. Nordin, Jr., and Joseph P. Beverage. 
264 1 |a Washington :  |b U.S. Govt. Print. Off,  |c 1965. 
300 |a 35 pages :  |b illustrations, map. ;  |c 29 cm. 
336 |a text  |b txt  |2 rdacontent 
337 |a unmediated  |b n  |2 rdamedia 
338 |a volume  |b nc  |2 rdacarrier 
490 1 |a Sediment transport in alluvial channels 
490 1 |a Geological Survey professional paper ;  |v 462-F 
504 |a Bibliography: page 35. 
650 0 |a Sediment transport  |z Rio Grande (Colo.-Mexico and Tex.) 
700 1 |a Beverage, Joseph P. 
830 0 |a Sediment transport in alluvial channels. 
830 0 |a Geological Survey professional paper ;  |v 462-F. 
948 |a cataloged  |b h  |c 2012/12/13  |d c  |e mvaldespin  |f 12:53:07 pm 
994 |a C0  |b TXA 
999 |a MARS 
999 f f |s b5f29f6a-2575-3e38-a5ae-2a06da9efd51  |i 6fd59837-8c96-368e-b5ae-5d3e2b43a263  |t 0 
952 f f |p normal  |a Texas A&M University  |b College Station  |c Sterling C. Evans Library  |d Evans: US Documents (Annex 5th floor)  |t 0  |e I 19.16:462-F  |h Superintendent of Documents classification  |i unmediated -- volume  |m A14839363301 
998 f f |a I 19.16:462-F  |t 0  |l Evans: US Documents (Annex 5th floor)